University physics

Bibliographic Details
Main Author: Sears, Francis W
Other Authors: Zemansky, Mark Valdo
Format: Book
Published: Massachusetts : Addison-Wesley Publishing , 1987
Subjects:

MARC

LEADER 00000cam a2200000 7i4500
001 0000000129
002 000000181
005 20000330.0
020 |a 0201066815 
090 0 0 |a 530   |b SEA 
100 1 |a Sears, Francis W 
245 1 0 |a University physics   |c Francis W. Sears 
260 |a Massachusetts :   |b Addison-Wesley Publishing ,   |c 1987 
300 |a 1095 p 
650 0 0 |a Physics 
700 0 |a Zemansky, Mark Valdo 
999 |a 0004398   |b BUKU   |c PINJAMAN   |e PERPUSTAKAAN KOMUNITI PETALING JAYA